000 00883nas a2200265 4500
001 BR8401332
003 BR-BrBNA
005 20231205085830.0
007 ta
008 230509b bl.|||p| |||| 00| 00por d
040 _aBR-BrBNA
_bpor
_cBiblioteca Nacional de Agricultura
041 _a(Pt)
072 _aL73; L10
100 1 _aGouveia, A.M.G.
100 1 _aReis, R.
245 1 _aParvovirus suino: niveis de anticorpos segundo a idade [eficiencia reprodutiva]
246 1 _aPorcine parvovirus: antibody rates according to the age [reproductive efficiency]
650 _aSUÍNO
650 _aVIRUS
650 _aEFICIENCIA REPRODUTIVA
650 _aANTICORPO
773 0 _tArquivo Brasileiro de Medicina Veterinaria e Zootecnia (Brazil)
_xISSN 0365-8384
_g(Aug 1983), v. 35(4) p. 557-563
_wBR8401332
909 _a202311
_bLúcia
_c55
_dLúcia Elande
942 _2AGRIS
_n0
_cANA
999 _c114141
_d114141